[Event "GAME 08"]
[Site "http://www.queenalice.com/game.php?id=1162070"]
[Date "2013.3.19"]
[Round "-"]
[White "Try_Me"]
[Black "artephius"]
[Result "1-0"]
[WhiteElo "2067"]
[BlackElo "2155"]

1. d4 d5 2. c4 e6 3. Nf3 Nf6 4. g3 c6 5. Bg2 Be7 6. Qc2 O-O 7. O-O h6 8. Nbd2
Nbd7 9. e4 dxe4 10. Nxe4 Nxe4 11. Qxe4 Nf6 12. Qe2 c5 13. dxc5 Bxc5 14. Bd2 Qb6
15. Bc3 Bd7 16. b4 Be7 17. Ne5 Rfd8 18. a3 Be8 19. Rfd1 Ba4 20. Re1 Nd7 21. c5
Qc7 22. Nxf7 Rf8 23. Nxh6+ 1-0

[Event "GAME 09"]
[Site "http://www.queenalice.com/game.php?id=1162071"]
[Date "2013.3.19"]
[Round "-"]
[White "artephius"]
[Black "Try_Me"]
[Result "0-1"]
[WhiteElo "2188"]
[BlackElo "2023"]

1. e4 c5 2. Nc3 Nc6 3. g3 d6 4. Bg2 e6 5. Nge2 Nf6 6. O-O Be7 7. d4 cxd4 8. Nxd4
Qb6 9. Ndb5 Ne5 10. Be3 Qd8 11. Bxa7 O-O 12. Be3 Nc4 13. Bc1 e5 14. b3 Na5 15.
Ba3 Qb6 16. Bxd6 Bxd6 17. Qxd6 Nc6 18. Nc7 Ne8 19. Nxe8 Rxe8 20. Nd5 Qa5 21. b4
Qd8 22. Qc5 Be6 23. c4 Rc8 0-1

[Event "GAME 10"]
[Site "http://www.queenalice.com/game.php?id=1162072"]
[Date "2013.3.18"]
[Round "-"]
[White "franz_ferdinand"]
[Black "artephius"]
[Result "0-1"]
[WhiteElo "2159"]
[BlackElo "2220"]

1. e4 c5 2. f4 d5 3. exd5 Nf6 4. Bb5+ Bd7 5. Bxd7+ Qxd7 6. c4 g6 7. Nc3 Bg7 8.
Nf3 O-O 9. O-O e6 10. Ne5 Qc8 11. Qf3 Rd8 12. d3 exd5 13. cxd5 Na6 14. a3 Nc7
15. Bd2 Ncxd5 16. h3 a6 17. Rad1 b5 0-1

[Event "GAME 11"]
[Site "http://www.queenalice.com/game.php?id=1162074"]
[Date "2013.3.19"]
[Round "-"]
[White "tucot"]
[Black "artephius"]
[Result "1-0"]
[WhiteElo "2321"]
[BlackElo "2068"]

1. e4 e5 2. Nc3 Bc5 3. g3 Ne7 4. Bg2 O-O 5. Nge2 f5 6. d4 exd4 7. Nxd4 Nbc6 8.
Nxf5 d6 9. Ne3 Be6 10. O-O Qd7 11. Ncd5 Rf7 12. Nf4 Ne5 13. h3 Raf8 14. Ned5 c6
15. Nxe6 Qxe6 16. Nf4 Qd7 17. Be3 Bxe3 18. fxe3 Nc4 19. Qd4 1-0

[Event "GAME 12"]
[Site "http://www.queenalice.com/game.php?id=1162077"]
[Date "2013.3.19"]
[Round "-"]
[White "tucot"]
[Black "artephius"]
[Result "1-0"]
[WhiteElo "2345"]
[BlackElo "2212"]

1. d4 e6 2. e4 c5 3. d5 exd5 4. exd5 d6 5. Nc3 Nf6 6. Bb5+ Bd7 7. a4 Be7 8. Nf3
O-O 9. h3 a6 10. Bxd7 Nbxd7 11. Bf4 Re8 12. O-O Bf8 13. Qd2 Ne4 14. Nxe4 Rxe4
15. Rfe1 Qe8 16. Ng5 Re7 17. Bxd6 Rxe1+ 18. Rxe1 Qd8 19. Bxf8 Nxf8 20. c4 Qd6
21. Ne4 1-0

[Event "GAME 13"]
[Site "http://www.queenalice.com/game.php?id=1162078"]
[Date "2013.3.20"]
[Round "-"]
[White "Canuma"]
[Black "artephius"]
[Result "1-0"]
[WhiteElo "2167"]
[BlackElo "2081"]

1. d4 Nf6 2. f4 b6 3. Nf3 Bb7 4. c4 g6 5. e3 Bg7 6. Nc3 O-O 7. Qc2 d6 8. Be2
Nbd7 9. O-O c5 10. d5 a6 11. Rd1 Qc7 12. e4 h6 13. a3 Rfb8 14. Be3 Nf8 15. e5
Ng4 16. Bc1 h5 17. h3 Nh6 18. Bd3 1-0

[Event "GAME 14"]
[Site "http://www.queenalice.com/game.php?id=1162079"]
[Date "2013.3.20"]
[Round "-"]
[White "cyrocortereal"]
[Black "artephius"]
[Result "0-1"]
[WhiteElo "2040"]
[BlackElo "2062"]

1. e4 e5 2. Nf3 Nc6 3. Bc4 Be7 4. c3 Nf6 5. d3 O-O 6. O-O d5 7. exd5 Nxd5 8. Re1
Bf6 9. Nbd2 g6 10. Ne4 Bg7 11. a4 h6 12. a5 Be6 13. Nc5 b6 14. Nxe6 fxe6 15.
axb6 axb6 16. Rxa8 Qxa8 17. d4 exd4 18. Rxe6 Na5 19. Ba2 Rf6 20. Qe1 Kh7 0-1

[Event "GAME 16"]
[Site "http://www.queenalice.com/game.php?id=1162083"]
[Date "2013.3.19"]
[Round "-"]
[White "artephius"]
[Black "tucot"]
[Result "0-1"]
[WhiteElo "2221"]
[BlackElo "2336"]

1. d4 Nf6 2. e3 g6 3. Bd3 Bg7 4. f4 d6 5. Nf3 O-O 6. O-O c5 7. c3 Nc6 8. Bd2 e5
9. Bb5 e4 10. Ne1 Ne7 11. Nc2 h5 12. Be1 Nf5 13. h3 h4 14. Be2 Nd5 15. Bf2 Re8
16. Nd2 cxd4 17. cxd4 Nxf4 18. exf4 e3 19. Nxe3 Nxe3 20. Bxe3 Rxe3 21. Nc4 Re4
22. d5 b5 0-1

[Event "GAME 17"]
[Site "http://www.queenalice.com/game.php?id=1162084"]
[Date "2013.3.20"]
[Round "-"]
[White "artephius"]
[Black "Canuma"]
[Result "0-1"]
[WhiteElo "2095"]
[BlackElo "2157"]

1. e3 d5 2. c4 e6 3. d4 f5 4. Bd3 Nf6 5. Nf3 Be7 6. Nc3 c6 7. Qc2 O-O 8. cxd5
cxd5 9. O-O Nc6 10. a3 Ne4 11. Ne1 a6 12. f3 Nxc3 13. Qxc3 Bd7 14. Bd2 Rc8 15.
Qb3 f4 16. Qxb7 fxe3 17. Bxe3 Na5 0-1

[Event "GAME 19"]
[Site "http://www.queenalice.com/game.php?id=1162086"]
[Date "2013.3.21"]
[Round "-"]
[White "artephius"]
[Black "luhosavi"]
[Result "0-1"]
[WhiteElo "2040"]
[BlackElo "2161"]

1. e4 c5 2. Nf3 Nc6 3. d4 cxd4 4. Nxd4 g6 5. Nc3 Bg7 6. Be3 Nf6 7. f3 O-O 8. Qd2
d5 9. exd5 Nxd5 10. Nxd5 Qxd5 11. c3 Nxd4 12. Bxd4 Bxd4 0-1

[Event "GAME 20"]
[Site "http://www.queenalice.com/game.php?id=1162087"]
[Date "2013.3.24"]
[Round "-"]
[White "artephius"]
[Black "johnrbrown"]
[Result "0-1"]
[WhiteElo "2066"]
[BlackElo "2110"]

1. e4 e5 2. f4 exf4 3. Nf3 Be7 4. Bc4 Bh4+ 5. Kf1 d5 6. exd5 Be7 7. d4 Nf6 8.
Nc3 O-O 9. Bxf4 Bf5 10. h3 Bb4 11. g4 Bg6 12. Kg2 Bxc3 13. bxc3 Nxd5 0-1

[Event "Challenge"]
[Site "http://www.queenalice.com/game.php?id=1163662"]
[Date "2013.3.22"]
[Round "-"]
[White "artephius"]
[Black "Nakann"]
[Result "0-1"]
[WhiteElo "2188"]
[BlackElo "1680"]

1. e4 c5 2. Ne2 Nc6 3. d4 cxd4 4. Nxd4 d6 5. Nc3 Nf6 6. Bc4 e5 7. Nde2 a6 8. Bg5
Be7 9. Bxf6 Bxf6 10. O-O O-O 11. Nd5 Be6 12. Nec3 b5 13. Bb3 Nd4 14. Nxf6+ Qxf6
15. Nd5 Bxd5 16. Bxd5 Ra7 17. c3 Ne6 18. g3 Nc5 19. Qe2 Rc7 20. Rad1 Nd7 0-1

[Event "Challenge"]
[Site "http://www.queenalice.com/game.php?id=1163663"]
[Date "2013.3.22"]
[Round "-"]
[White "Nakann"]
[Black "artephius"]
[Result "1-0"]
[WhiteElo "1680"]
[BlackElo "2188"]

1. c4 e5 2. Nc3 f5 3. a3 Nc6 4. g3 Nf6 5. d3 d5 6. cxd5 Nxd5 7. Bg2 Nb6 8. e3
Be6 9. Nge2 a5 10. O-O a4 11. f4 Bb3 12. Qd2 Qd7 13. Bxc6 Qxc6 14. fxe5 g6 15.
Nd4 1-0